000 00875nmm a2200277 a 4500
001 ocm000591827
003 TR-IsHL
005 20201028121439.0
008 130705s2008 tu tur
007 cr cn
020 _a9786055880019
035 _a591827
_b(N$T)
050 0 4 _aPL248.Y47
_bB4 2008
090 0 4 _aPL248.Y47
_bB4 2008
100 1 _aYeşilkaya, Yusuf
245 1 0 _aBedel ödemeden asla: yüreğimize dokunan öyküler
_h[electronic resource] /
_cYusuf Yeşilkaya
250 _a1. bs.
260 _aİstanbul :
_bAkis Kitap,
_c2008
300 _a160 p.
650 4 _aDil ve Edebiyat
650 4 _aLanguage and Literature
650 0 _aTürk romanı
650 0 _aTurkish fiction
650 7 _aLITERARY COLLECTIONS / Middle Eastern
_2bisacsh
856 4 0 _uhttp://search.ebscohost.com/login.aspx?direct=true&scope=site&db=e011xww&AN=591827
999 _c1329
_d1329